LEADER 01316nam0 22002771i 450 001 UON00182246 005 20231205103137.484 010 $a00-444-5889-4 100 $a20030730d1991 |0itac50 ba 101 $aeng 102 $aUS 105 $a|||| ||||| 200 1 $aKremlin in transition$fJohn W. Parker 210 $aBoston$aLondon ; Sydney$cUnwin Hyman$d1991. 2 v. ; LX$d825 p. compl. ; 23 cm. I: From Brezhnev to Chernenko$d1978 to 1985 ; II: Gorbachev$d1985 to 1989. 606 $aUNIONE SOVIETICA$xSTORIA$x1946-1990$3UONC035743$2FI 606 $aUNIONE SOVIETICA$xPolitica e governo$x1946-1990$3UONC037016$2FI 620 $aUS$dBoston$3UONL000139 676 $a320.947$cSituazione e condizioni politiche. Unione Sovietica$v21 700 1$aPARKER$bJohn W.$3UONV105093$0506407 712 $aUnwin Hyman$3UONV259546$4650 801 $aIT$bSOL$c20240220$gRICA 912 $aUON00182246 950 $aSIBA - SISTEMA BIBLIOTECARIO DI ATENEO$dSI VIII EX SOA 0383/I $eSI SC 26646 5 0383/I $sBuono 950 $aSIBA - SISTEMA BIBLIOTECARIO DI ATENEO$dSI VIII EX SOA 0383/II $eSI SC 26647 5 0383/II $sBuono 996 $aKremlin in transition$91288252 997 $aUNIOR LEADER 01885nam 2200541 450 001 9910821019103321 005 20230808195651.0 035 $a(CKB)3710000000884438 035 $a(MiAaPQ)EBC4709172 035 $a(DLC) 2016039492 035 $a(EXLCZ)993710000000884438 100 $a20161018h20162016 uy 0 101 0 $aeng 135 $aurcnu|||||||| 181 $2rdacontent 182 $2rdamedia 183 $2rdacarrier 200 00$aCross-linguistic transfer in reading in multilingual contexts /$fedited by Elena Zaretsky, Mila Schwartz 210 1$aAmsterdam, [Netherlands] ;$aPhiladelphia, [Pennsylvania] :$cJohn Benjamins Publishing Company,$d2016. 210 4$dİ2016 215 $a1 online resource (195 pages) $cillustrations 225 1 $aBenjamins Current Topics ;$v89 311 $a90-272-4277-1 311 $a90-272-6651-4 320 $aIncludes bibliographical references at the end of each chapters and index. 410 0$aBenjamins current topics ;$v89. 606 $aLanguage transfer (Language learning) 606 $aReading comprehension 606 $aMultilingualism in children 606 $aInterlanguage (Language learning) 606 $aLanguage and languages$xAge differences 606 $aSecond language acquisition 615 0$aLanguage transfer (Language learning) 615 0$aReading comprehension. 615 0$aMultilingualism in children. 615 0$aInterlanguage (Language learning) 615 0$aLanguage and languages$xAge differences. 615 0$aSecond language acquisition. 676 $a404/.2083 702 $aZaretsky$b Elena 702 $aSchwartz$b Mila 801 0$bMiAaPQ 801 1$bMiAaPQ 801 2$bMiAaPQ 906 $aBOOK 912 $a9910821019103321 996 $aCross-linguistic transfer in reading in multilingual contexts$94074072 997 $aUNINA